000 00844nam a2200217Ia 4500
001 5005
005 20260320123334.0
008 260306t2016||||xx |||||||||||||| ||spa||
041 _aESP
082 _a332.6
_bO73
100 _aOrtiz Anaya, Héctor,
_eAUT
245 0 _aFinanzas básicas para no financieros
260 _c2016
300 _axii, 447 páginas :
_c00 cm.
650 _aGEN
654 _aCAN
856 _uhttps://itmsp.museknowledge.com/UCSP?url=https://www.ebooks7-24.com:443/?il=9978&pg=4
_zVersión digital (2019)
856 _uhttps://0u213tceu-y-https-ebooks7--24-com.itmsp.museknowledge.com/biblioteca.aspx
_zVéase además: Base de datos Ebook7-24
856 _uhttps://0u20ftcex-y-https-research-ebsco-com.itmsp.museknowledge.com/c/qxo6us/search
_zVéase además: Base de datos EBSCOhost
942 _cLIB
_dJUS
_fJUS
_2ddc
999 _c5005
_d5005